<?xml version="1.0" encoding="UTF-8"?>
<collection xmlns="http://www.loc.gov/MARC21/slim">
  <record>
    <leader>00000nam  2200000   4500</leader>
    <controlfield tag="001">INLIS000000000049906</controlfield>
    <controlfield tag="005">20250102110335</controlfield>
    <datafield tag="035" ind1="#" ind2="#">
      <subfield code="a">0010-041700000000096</subfield>
    </datafield>
    <controlfield tag="008">250102###########################0######</controlfield>
    <datafield tag="020" ind1="#" ind2="#">
      <subfield code="a">978 - 979 - 17856 - 2 - 4</subfield>
    </datafield>
    <datafield tag="040" ind1="#" ind2="#">
      <subfield code="a">NBPDMAT</subfield>
    </datafield>
    <datafield tag="082" ind1="#" ind2="#">
      <subfield code="a">801. 1</subfield>
    </datafield>
    <datafield tag="090" ind1="#" ind2="#">
      <subfield code="a">801. 1</subfield>
      <subfield code="b">Nur m</subfield>
    </datafield>
    <datafield tag="100" ind1="#" ind2="#">
      <subfield code="a">Nurwahidah</subfield>
    </datafield>
    <datafield tag="245" ind1="1" ind2="#">
      <subfield code="a">Mari Kita Mulai : Kumpulan Puisi / Nurwahidah ; editor, Mukhlis Muma Leon</subfield>
    </datafield>
    <datafield tag="260" ind1="#" ind2="#">
      <subfield code="a">Mataram :</subfield>
      <subfield code="b">Pemerintah Kota Mataram,</subfield>
      <subfield code="c">2014</subfield>
    </datafield>
    <datafield tag="300" ind1="#" ind2="#">
      <subfield code="a">vii, 22 hlm. ;</subfield>
      <subfield code="c">21 cm.</subfield>
    </datafield>
    <datafield tag="440" ind1="#" ind2="#">
      <subfield code="a">Puisi - - Kumpulan</subfield>
    </datafield>
    <datafield tag="500" ind1="#" ind2="#">
      <subfield code="a">Biografi : hlm 22</subfield>
    </datafield>
    <datafield tag="650" ind1="#" ind2="4">
      <subfield code="a">Puisi - Kumpulan</subfield>
    </datafield>
    <datafield tag="700" ind1=" " ind2="#">
      <subfield code="a">Mukhlis Muma Leon</subfield>
    </datafield>
    <datafield tag="850" ind1="#" ind2="#">
      <subfield code="a">NBPDMAT</subfield>
    </datafield>
    <datafield tag="520" ind1="#" ind2="#">
      <subfield code="a">Puisi merupakan bagian dari karya sastra, yang mengungkapkan keindahan melalui kreativitas imajinatif sang penulis. Selain itu, puisi juga mengungkapkan fenomena kehidupan sehari-hari yang sarat akan makna dan petuah. Karya sastra termasuk puisi, memiliki peranan yang cukup besar dalam membentuk karakter dan kepribadian seseorang. Sastra menjadi semakin penting, bukan saja karena sastra memiliki kontribusi besar dalam memperhalus budi, memperkaya batin dan dimensi hidup, melainkan juga lantaran telah masuk ke dalam kurikulum pendidikan. Buku yang berisi kumpulan puisi ini menyajikan 21 (dua puluh satu) judul puisi yang terinspirasi dari realitas sisi kehidupan yang dialami oleh penulis selama ini.</subfield>
    </datafield>
    <datafield tag="990" ind1="#" ind2="#">
      <subfield code="a">21604665</subfield>
    </datafield>
    <datafield tag="990" ind1="#" ind2="#">
      <subfield code="a">21604666</subfield>
    </datafield>
    <datafield tag="990" ind1="#" ind2="#">
      <subfield code="a">21604667</subfield>
    </datafield>
    <datafield tag="990" ind1="#" ind2="#">
      <subfield code="a">21604668</subfield>
    </datafield>
    <datafield tag="990" ind1="#" ind2="#">
      <subfield code="a">21604669</subfield>
    </datafield>
  </record>
</collection>
